| 000 | 01192cad a22002535a 4500 | ||
|---|---|---|---|
| 001 | L153051 | ||
| 008 | 110530e20110520xxkd f s 000 0 eng d | ||
| 035 | _a(Sirsi) u153051 | ||
| 041 | 0 | _aeng | |
| 050 | 0 | 4 | _a333.33 $2 18 |
| 110 | 2 |
_aRoyal Institution of Chartered Surveyors _bEconomics _95033 |
|
| 245 | 0 | 0 |
_aRICS global real estate weekly _b27 May 2011 _h[electronic resource] |
| 260 |
_aLondon _bRICS _c2011 |
||
| 490 | 0 |
_aRICS Global Real Estate Weekly _v27 May 2011 |
|
| 520 | _aIndian Q1 GDP to show resilience in the face of recent interest rate hikes. Tougher policy beginning to slow Chinese economy. H2 likely to be tough for Spanish property sector. Canadian economy turning to business investment and trade as drivers of growth. | ||
| 590 | _aKA | ||
| 650 | 2 | 4 | _aRICS GLOBAL REAL ESTATE WEEKLY |
| 651 | 4 | _aInternational | |
| 690 | _aPROPERTY-PROPERTY FINANCE AND INVESTMENT | ||
| 690 | _aPROPERTY-RESIDENTIAL PROPERTY-RESIDENTIAL PROPERTY MARKET | ||
| 690 | _aPROPERTY-COMMERCIAL PROPERTY-COMMERCIAL PROPERTY MARKET | ||
| 856 | 4 | 0 |
_uhttps://www.rics.org/site/download_feed.aspx?fileID=9683&fileExtension=PDF _zView the report free of charge at www.rics.org |
| 942 | _n0 | ||
| 999 |
_c112349 _d112349 |
||